000
00328nam a22001457a 4500
003
OSt
008
220827b |||||||| |||| 00| 0 eng d
020
_a
8181284488
082
_a
537
_b
LAC/MA
100
_a
ed, lacheisserie
_9
5251
245
_a
Magnetism fundamentals
260
_b
springer
_c
2006
300
_a
507
942
_c
BK
999
_c
17553
_d
17553